| 000 | 00852nam a2200205 a 4500 | ||
|---|---|---|---|
| 001 | 8975 | ||
| 003 | CO-ViMGA | ||
| 008 | 141112s2004 ck r 000 u spa d | ||
| 040 |
_aCO-ViMGA _bspa _cCO-ViMGA |
||
| 082 | 0 | 4 | _a986.10202 M158 |
| 100 | 1 | _aInstituto Colombiano de Cultura, | |
| 245 | 1 | 0 | _aManual de Historia de Colombia TOMO I |
| 260 | _aBogotá.Procultura.1982 | ||
| 300 | _a592.p. | ||
| 505 | _aColombia indígena - Periodo prehispánico Conquista del territorio y el poblamiento Economía y la sociedad colonial.1550 - 1800 Esclavitud y la sociedad esclavista Estado, administración y vida Política en la sociedad colonial Arquitectura colonial Artes plasticas durante el período colonial Literatura en la conquista y la colonia | ||
| 650 | 1 | 4 |
_aCOLONIA _96256 |
| 650 | 1 | 4 |
_aCONQUISTA _99187 |
| 650 | 1 | 4 | _aPREHISTORIA |
| 942 |
_2ddc _cBK |
||
| 999 |
_c20555 _d20555 |
||